Les plus grands pays commençant par la lettre L - Statistiques

Statistiques générales
  • Ce quiz a été pris 73 fois
  • Le résultat moyen est 4 sur 5
Statistiques - réponses
Superficie (km²) Position dans le monde
en termes de superficie
Pays % Correct
65 286 123 Lituanie
94%
64 573 124 Lettonie
91%
1 676 198 17 Libye
87%
236 800 84 Laos
80%
111 369 104 Liberia
64%
Aucun quiz correspondant
Distribution des résultats
% des personnes avec chaque résultat
Percentile par nombre de réponses
Votre historique - résultats
Vous n’avez pas pris ce quiz